Dlhodobé zamestnanecké požitky s fixnou sumou podľa IAS 19

Bibliographic Details
Main Authors: Tumpach, Miloš, 1970- (Author), Števková, Lucia (Author)
Format: Article
Language:Slovak
PhysicalDescription:Sch., tab.
ISSN:1335-2024
Subjects:

MARC

LEADER 00000nab a2200000 ar4500
001 vtls009482946
003 SK-MaSNL
005 20260303205140.0
008 090312c2009 xo mr|p|||||||000 b|slo
015 |a SNBRB2009/03  |2 snkbucl 
038 |a SNKBUCL 
040 |a SNKBUCL  |b slo  |c SNKBUCL  |e AACR2 
041 0 |a slo 
044 |a xo  |c SK 
080 |a 657.4:331.34:006.032  |2 2001 
080 |a 331.34  |2 2001 
080 |a 006.032  |2 2001 
100 1 |a Tumpach, Miloš,  |d 1970-  |4 aut  |9 123741 
245 1 0 |a Dlhodobé zamestnanecké požitky s fixnou sumou podľa IAS 19  |c Miloš Tumpach, Lucia Števková 
300 |b Sch., tab. 
630 0 7 |a Medzinárodný účtovný štandard IAS 19  |2 snkbucl  |9 827562 
650 0 7 |a zamestnanecké požitky  |2 snkbucl  |9 98096 
650 0 7 |a účtovníctvo  |2 snkbucl  |9 649 
650 0 7 |a medzinárodné účtovné štandardy  |2 snkbucl  |9 70134 
700 1 |a Števková, Lucia  |4 aut  |9 800645 
773 0 |t Účtovníctvo. Audítorstvo. Daňovníctvo v teórii a praxi  |g Roč. XVII, č. 2 (2009), s. 77-80  |x 1335-2024 
852 |a SNK  |b KIS3GCP 
999 |c 2193906  |d 2195836